000 00831cab a2200265 4500
001 X3655
008 090401t1996 xxu||||| |||| 00| 0 eng d
035 _a(Sirsi) u31881
041 _aeng
100 _aCrichton-Maitland, M.
245 _aWhat price timber certification?
260 _c1996
350 _a0
490 _aCSM (Chartered Surveyor Monthly)
_v5(9) June 1996, 30(1)
520 _aA critique of the certification scheme for timber and wood products introduced by the Forestry Stewardship Council.
650 _aFORESTRY STEWARDSHIP COUNCIL
650 _aSINGLE-FOREST CERTIFICATION
650 _aSUSTAINABLE FORESTRY
650 _aTIMBER CERTIFICATION
650 _aTIMBER MANAGEMENT
690 _aENVIRONMENTAL AND LAND CONSULTANCY
690 _aRURAL PRACTICE
942 _n0
948 _c04/03/1997
999 _c21394
_d21394